00282nam a2200121Ia 4500008004100000100002100041245002000062260003200082300000800114650001400122942000700136999001700143190216s9999||||xx |||||||||||||| ||und|| aKrishan Warrrier 0aKavya Kauthukam bPoorna Pubs Kozhikodec1986 a70p aKavithkal cBK c25731d25731